[Event "Jesrusalem Maccabi"]
[Site "Jerusalem"]
[Date "2022.07.19"]
[Round "6"]
[White "Yarmonov, Igor"]
[Black "Smirin, Ilia"]
[Result "0-1"]
[WhiteElo "2372"]
[BlackElo "2601"]
[PlyCount "82"]
[EventDate "2022.07.13"]
[EventType "tourn"]
[EventRounds "9"]
[EventCountry "ISR"]
[EventCategory "10"]
[SourceTitle "CBM 209 Extra"]
[Source "ChessBase"]
[SourceDate "2022.09.30"]
[SourceVersion "1"]
[SourceVersionDate "2022.09.30"]
[SourceQuality "1"]

1. d4 Nf6 2. c4 g6 3. Nc3 Bg7 4. e4 d6 5. Be2 0-0 6. Nf3 Na6 7. a3 c5 8. d5 e6 9. dxe6 Bxe6 10. 0-0 Re8 11. Bf4 Bg4 12. Nd2 Bxe2 13. Qxe2 Nc7 14. f3 Ne6 15. Be3 Nh5 16. Qd1 a6 17. Rb1 Rb8 18. a4 Nhf4 19. Nb3 Qg5 20. Bxf4 Nxf4 21. g3 Nh5 22. Rf2 b5 23. axb5 Bxc3 24. bxc3 axb5 25. cxb5 Rxb5 26. Nd2 Rxb1 27. Qxb1 Qe3 28. Qc2 Ra8 29. Nf1 Qg5 30. Qd2 Qe7 31. Ne3 Nf6 32. Nd5 Nxd5 33. Qxd5 Ra3 34. c4 h5 35. h4 Rc3 36. Kg2 Qf6 37. f4 Qd4 38. Qxd4 cxd4 39. f5 d3 40. fxg6 Rc2 41. gxf7+ Kf8 0-1

[Event "IPCA Wch 21st"]
[Site "Ashdod"]
[Date "2022.05.13"]
[Round "6"]
[White "Gurbanov, Andrei"]
[Black "Yarmonov, Igor"]
[Result "1/2-1/2"]
[WhiteElo "2302"]
[BlackElo "2394"]
[PlyCount "46"]
[EventDate "2022.05.09"]
[EventType "swiss"]
[EventRounds "9"]
[EventCountry "ISR"]
[SourceTitle "CBM 208 Extra"]
[Source "ChessBase"]
[SourceDate "2022.07.31"]
[SourceVersion "1"]
[SourceVersionDate "2022.07.31"]
[SourceQuality "1"]

1. d4 d5 2. c4 e6 3. Nc3 Nf6 4. cxd5 exd5 5. Bg5 c6 6. Qc2 Nbd7 7. e3 Be7 8. Bd3 h6 9. Bf4 0-0 10. h3 b6 11. Nf3 c5 12. 0-0 Bb7 13. Rad1 c4 14. Bf5 a6 15. a4 Bb4 16. Na2 Be7 17. Nc3 Bb4 18. Na2 Be7 19. Ne5 b5 20. b3 Nb6 21. bxc4 Nxc4 22. Qb3 Nd6 23. Bd3 Qa5 1/2-1/2

[Event "Online Olym Div3 A"]
[Site "Chess.com INT"]
[Date "2021.08.29"]
[Round "9.5"]
[White "Yarmonov, Igor"]
[Black "Kulpruethanon, Thanadon"]
[Result "1/2-1/2"]
[WhiteElo "2394"]
[BlackElo "2278"]
[PlyCount "59"]
[EventDate "2021.08.27"]
[EventType "team-tourn (rapid)"]
[EventRounds "9"]
[EventCountry "USA"]
[SourceTitle "CBM 204 Extra"]
[Source "ChessBase"]
[SourceDate "2021.11.30"]
[SourceVersion "1"]
[SourceVersionDate "2021.11.30"]
[SourceQuality "1"]
[WhiteTeam "IPCA"]
[BlackTeam "Thailand"]
[BlackTeamCountry "THA"]

1. d4 d5 2. Bf4 Nf6 3. e3 c5 4. c3 Nc6 5. Nd2 Bf5 6. Ngf3 Qb6 7. Qb3 c4 8. Qxb6 axb6 9. a3 b5 10. Rc1 Nh5 11. Be2 Nxf4 12. exf4 f6 13. 0-0 e6 14. Rfe1 Bd6 15. g3 Kf7 16. Nh4 Bh3 17. Bf1 Bxf1 18. Nxf1 h6 19. Ne3 g5 20. Nhg2 gxf4 21. Nxf4 Bxf4 22. gxf4 Rag8+ 23. Kf1 f5 24. Ke2 Ne7 25. Kf3 Ng6 26. Rg1 Nh4+ 27. Ke2 Ng6 28. Kf3 Nh4+ 29. Ke2 Ng6 30. Kf3 1/2-1/2

[Event "Online Olym Disabilities final"]
[Site "Tornelo INT"]
[Date "2020.12.02"]
[Round "2.2"]
[White "Piekielny, Pawel"]
[Black "Yarmonov, Igor"]
[Result "0-1"]
[WhiteElo "2098"]
[BlackElo "2391"]
[PlyCount "138"]
[EventDate "2020.11.29"]
[EventType "team-tourn"]
[EventRounds "3"]
[EventCountry "NET"]
[SourceTitle "CBM 199 Extra"]
[Source "ChessBase"]
[SourceDate "2021.01.31"]
[SourceVersion "1"]
[SourceVersionDate "2021.01.31"]
[SourceQuality "1"]
[WhiteTeam "Poland III"]
[BlackTeam "Ukraine III"]
[WhiteTeamCountry "POL"]
[BlackTeamCountry "UKR"]

1. e4 c6 2. d4 d5 3. Nc3 dxe4 4. Nxe4 Bf5 5. Ng3 Bg6 6. h4 h6 7. Nf3 Nd7 8. h5 Bh7 9. Bd3 Bxd3 10. Qxd3 e6 11. Bd2 Ngf6 12. 0-0-0 Qc7 13. Kb1 0-0-0 14. Qe2 Bd6 15. Ne4 Nxe4 16. Qxe4 Nf6 17. Qe2 c5 18. Rh4 Kb8 19. dxc5 Bxc5 20. Rc4 Qe7 21. Ne5 Rd5 22. Bf4 Ka8 23. Rxd5 Nxd5 24. Bg3 Bb6 25. Qf3 Nf6 26. a3 a6 27. Qc3 Ka7 28. a4 Nd5 29. Qf3 Rf8 30. Bh4 Qe8 31. Nd3 f6 32. Nb4 Nxb4 33. Rxb4 Qc6 34. Qxc6 bxc6 35. Rg4 Rf7 36. c3 Kb7 37. Kc2 Kc7 38. Bg3+ Kd7 39. Rc4 e5 40. b4 Bc7 41. b5 axb5 42. axb5 cxb5 43. Rc5 Rf8 44. Rxb5 Ra8 45. Kb2 Ra4 46. Rb4 Rxb4+ 47. cxb4 Kc6 48. Kc3 Kb5 49. Kd3 f5 50. Kc3 Bd6 51. f3 Bxb4+ 52. Kd3 Bd6 53. Bf2 Kc6 54. Be1 Kd5 55. Bc3 Be7 56. Bb2 Bf6 57. Ke3 e4 58. fxe4+ fxe4 59. Ba3 Bd4+ 60. Ke2 Ke5 61. Bc1 Kf5 62. Bd2 Kg4 63. Be3 Bxe3 64. Kxe3 Kxh5 65. Kxe4 Kg4 66. Ke5 h5 67. Ke6 h4 68. Kf7 Kg3 69. Kxg7 Kxg2 0-1

[Event "Online Olym Disabilities"]
[Site "Tornelo INT"]
[Date "2020.11.26"]
[Round "6.4"]
[White "Zilberman, Yaacov"]
[Black "Yarmonov, Igor"]
[Result "1/2-1/2"]
[WhiteElo "2339"]
[BlackElo "2391"]
[PlyCount "75"]
[EventDate "2020.11.21"]
[EventType "team-swiss (rapid)"]
[EventRounds "7"]
[EventCountry "NET"]
[SourceTitle "CBM 199 Extra"]
[Source "ChessBase"]
[SourceDate "2021.01.31"]
[SourceVersion "1"]
[SourceVersionDate "2021.01.31"]
[SourceQuality "1"]
[WhiteTeam "Israel"]
[BlackTeam "Ukraine III"]
[WhiteTeamCountry "ISR"]
[BlackTeamCountry "UKR"]

1. d4 d5 2. c4 e6 3. Nc3 Nf6 4. cxd5 exd5 5. Bg5 c6 6. e3 Be7 7. Bd3 0-0 8. Qc2 Nbd7 9. Nf3 Re8 10. 0-0 Nf8 11. Bxf6 Bxf6 12. b4 Bd7 13. b5 g6 14. bxc6 Bxc6 15. Qb3 Rc8 16. Bb5 Ne6 17. Rfc1 Qd6 18. Rab1 Red8 19. h3 Bxb5 20. Nxb5 Rxc1+ 21. Rxc1 Qb6 22. Nd2 Be7 23. Nc3 Qxb3 24. Nxb3 Ba3 25. Rb1 a6 26. Kf1 Bb4 27. Rc1 b5 28. Ke2 Kf8 29. Kd3 Ke7 30. Rc2 Rd7 31. Rc1 f5 32. g3 Kd6 33. h4 Rc7 34. Rc2 Rc6 35. Rc1 Nc7 36. Nb1 Rxc1 37. Nxc1 Kc6 38. Kc2 1/2-1/2

[Event "Online Olym Div2 B"]
[Site "Chess.com INT"]
[Date "2020.08.14"]
[Round "2.2"]
[White "Repkova, Eva"]
[Black "Yarmonov, Igor"]
[Result "1-0"]
[WhiteElo "2300"]
[BlackElo "2391"]
[PlyCount "61"]
[EventDate "2020.08.14"]
[EventType "team-tourn (rapid)"]
[EventRounds "9"]
[EventCountry "USA"]
[SourceTitle "CBM 198"]
[Source "ChessBase"]
[SourceDate "2020.10.31"]
[SourceVersion "1"]
[SourceVersionDate "2020.10.31"]
[SourceQuality "1"]
[WhiteTeam "Slovakia"]
[BlackTeam "IPCA"]
[WhiteTeamCountry "SVK"]

1. e4 c6 2. d4 d5 3. exd5 cxd5 4. Bd3 Nf6 5. h3 e6 6. Nf3 Bd6 7. 0-0 0-0 8. Bg5 Nbd7 9. Nbd2 a6 10. Re1 b5 11. Ne5 Qc7 12. Nxd7 Nxd7 13. Qh5 g6 14. Qh6 Bb7 15. Nf3 Rfe8 16. Qh4 b4 17. Rac1 Rac8 18. Re2 Qb6 19. Rce1 a5 20. Bh6 Ba6 21. Bxa6 Qxa6 22. Ng5 Be7 23. Qf4 Bxg5 24. Bxg5 Rc6 25. Re3 Rxc2 26. Rf3 f5 27. h4 Qc6 28. h5 Rxb2 29. hxg6 hxg6 30. Rh3 Qc2 31. Qh4 1-0

[Event "IPCA Wch 19th"]
[Site "Ruzomberok"]
[Date "2019.07.02"]
[Round "5"]
[White "Yarmonov, Igor"]
[Black "Shashikant, Kutwal"]
[Result "1-0"]
[WhiteElo "2389"]
[BlackElo "2176"]
[PlyCount "103"]
[EventDate "2019.06.28"]
[EventType "swiss"]
[EventRounds "9"]
[EventCountry "SVK"]
[SourceTitle "CBM 191 Extra"]
[Source "ChessBase"]
[SourceDate "2019.09.30"]
[SourceVersion "1"]
[SourceVersionDate "2019.09.30"]
[SourceQuality "1"]

1. d4 Nf6 2. Nf3 g6 3. Bf4 Bg7 4. c3 d6 5. h3 0-0 6. Nbd2 Nbd7 7. e4 e5 8. dxe5 dxe5 9. Be3 Qe7 10. Qc2 b6 11. g4 Bb7 12. g5 Nh5 13. 0-0-0 Nc5 14. h4 a5 15. Ng1 Rfd8 16. Ne2 a4 17. Ng3 Nf4 18. f3 a3 19. b3 Ncd3+ 20. Bxd3 Nxd3+ 21. Kb1 Nb2 22. Rde1 Ba6 23. Ka1 Bd3 24. Qc1 b5 25. Rh2 c5 26. Nh1 c4 27. b4 Na4 28. Nf2 Bf8 29. h5 Nxc3 30. Qxc3 Qxb4 31. Qxb4 Bxb4 32. Rc1 Be2 33. Nb1 Bxf3 34. hxg6 fxg6 35. Nc3 Bxc3+ 36. Rxc3 Be2 37. Rc2 Bf1 38. Rh1 Bd3 39. Rd2 Rf8 40. Nxd3 cxd3 41. Rxd3 Ra4 42. Bc5 Rc8 43. Bxa3 Rxe4 44. Rd7 b4 45. Bb2 Rc2 46. Kb1 Rc5 47. Rdxh7 Rg4 48. Bc1 Rg2 49. Rb7 Rc4 50. Rd1 Rf2 51. Rd8+ Rf8 52. Rxf8+ 1-0

[Event "Olympiad-43"]
[Site "Batumi"]
[Date "2018.10.03"]
[Round "9.1"]
[White "Yarmonov, Igor"]
[Black "Astaneh Lopez, Alex"]
[Result "1/2-1/2"]
[WhiteElo "2376"]
[BlackElo "2433"]
[PlyCount "230"]
[EventDate "2018.09.24"]
[EventType "team-swiss"]
[EventRounds "11"]
[EventCountry "GEO"]
[SourceTitle "CBM 187"]
[Source "ChessBase"]
[SourceDate "2018.12.11"]
[SourceVersion "1"]
[SourceVersionDate "2018.12.11"]
[SourceQuality "1"]
[WhiteTeam "IPCA"]
[BlackTeam "Ireland"]
[BlackTeamCountry "IRL"]

1. d4 d5 2. Nf3 Bf5 3. Bf4 e6 4. e3 Bd6 5. Bd3 Ne7 6. Bxd6 Qxd6 7. 0-0 c5 8. dxc5 Qxc5 9. Bxf5 Nxf5 10. Nbd2 0-0 11. c3 Nc6 12. e4 dxe4 13. Nxe4 Qc4 14. Ned2 Qc5 15. Qe2 Rad8 16. Nb3 Qb6 17. Rad1 h6 18. Ne5 Nxe5 19. Qxe5 f6 20. Qa5 e5 21. Qa4 Ne7 22. Qc4+ Kh8 23. Qc5 Rxd1 24. Rxd1 Rd8 25. Rxd8+ Qxd8 26. h3 b6 27. Qe3 Nd5 28. Qd3 Qg8 29. g3 Qe6 30. Qc4 f5 31. Nd2 e4 32. Qd4 Ne7 33. Qc4 Nd5 34. Nf1 Nf4 35. Qxe6 Nxe6 36. Ne3 g6 37. h4 Kg7 38. Nd5 Kf7 39. b4 g5 40. hxg5 hxg5 41. a4 Nd8 42. Kf1 Ke6 43. Nc7+ Ke5 44. Ke2 Ne6 45. Nb5 a6 46. Na7 Nc7 47. Kd2 b5 48. Nc6+ Kd5 49. axb5 axb5 50. Ne7+ Ke6 51. Nc6 f4 52. gxf4 gxf4 53. Nd4+ Kd5 54. Nf5 Ne8 55. Ne7+ Ke6 56. Ng6 Kf5 57. Ne7+ Kg4 58. Ke2 Nf6 59. Nc6 Nd5 60. c4 f3+ 61. Kf1 bxc4 62. Ne5+ Kf4 63. Nxc4 Nxb4 64. Ke1 Nd3+ 65. Kf1 Ne5 66. Ne3 Ng4 67. Nc4 Kf5 68. Ke1 Ke6 69. Nd2 Kd5 70. Nb3 Kc4 71. Na5+ Kc3 72. Nb7 Ne5 73. Nd6 Nd3+ 74. Kf1 Nc5 75. Ke1 Kc2 76. Nc4 Nd3+ 77. Kf1 Nb2 78. Nd6 Kd3 79. Ke1 Nc4 80. Nf5 Na3 81. Nd6 Nc2+ 82. Kf1 Kd4 83. Nb5+ Kc4 84. Nd6+ Kd3 85. Nf5 Nd4 86. Ne3 Ne6 87. Ke1 Nf4 88. Kf1 Kc3 89. Nd1+ Kc2 90. Ne3+ Kd3 91. Nf5 Nd5 92. Ke1 Nb4 93. Nd6 Nc6 94. Nf5 Ne5 95. Ne3 Kd4 96. Nf5+ Kc3 97. Nd6 Nd3+ 98. Kf1 Nc5 99. Ke1 Kc2 100. Nc4 Nd3+ 101. Kf1 Kd1 102. Ne3+ Kd2 103. Nc4+ Kc3 104. Nd6 Kd4 105. Nf5+ Ke5 106. Ne3 Nb2 107. Ke1 Kf4 108. Kf1 Kg5 109. Kg1 Kh4 110. Kf1 Kh3 111. Kg1 Nd3 112. Kf1 Ne5 113. Kg1 Nd7 114. Kf1 Nc5 115. Kg1 Nd7 1/2-1/2

[Event "Olympiad-42"]
[Site "Baku"]
[Date "2016.09.10"]
[Round "8.1"]
[White "Kongsee, Uaychai"]
[Black "Yarmonov, Igor"]
[Result "1-0"]
[WhiteElo "2285"]
[BlackElo "2398"]
[PlyCount "69"]
[EventDate "2016.09.02"]
[EventType "team-swiss"]
[EventRounds "11"]
[EventCountry "AZE"]
[SourceTitle "CBM 175"]
[Source "ChessBase"]
[SourceDate "2016.11.10"]
[SourceVersion "1"]
[SourceVersionDate "2016.11.10"]
[SourceQuality "1"]
[WhiteTeam "Thailand"]
[BlackTeam "IPCA"]
[WhiteTeamCountry "THA"]

1. f4 d5 2. Nf3 c5 3. g3 Nc6 4. Bg2 Bg4 5. 0-0 Qd7 6. Nc3 e6 7. d3 Nge7 8. h3 Bxf3 9. Bxf3 Nf5 10. Kh2 d4 11. Ne4 Be7 12. c3 0-0 13. Bd2 Rac8 14. Rc1 Ne3 15. Bxe3 dxe3 16. Bg2 h6 17. g4 f5 18. gxf5 exf5 19. Ng3 Bd6 20. Qa4 Kh8 21. Kh1 Qe7 22. Rf3 Qh4 23. Nf1 Rce8 24. Qc4 g5 25. fxg5 Qxc4 26. dxc4 hxg5 27. Rd1 Bf4 28. Nh2 Ne5 29. Rff1 Nxc4 30. Rd7 b5 31. Nf3 a5 32. Rd5 Rc8 33. Nh4 gxh4 34. Rxf4 Nxb2 35. Rd7 1-0

[Event "Olympiad-42"]
[Site "Baku"]
[Date "2016.09.05"]
[Round "4.1"]
[White "Grandelius, Nils"]
[Black "Yarmonov, Igor"]
[Result "1-0"]
[WhiteElo "2641"]
[BlackElo "2398"]
[PlyCount "81"]
[EventDate "2016.09.02"]
[EventType "team-swiss"]
[EventRounds "11"]
[EventCountry "AZE"]
[SourceTitle "CBM 175"]
[Source "ChessBase"]
[SourceDate "2016.11.10"]
[SourceVersion "1"]
[SourceVersionDate "2016.11.10"]
[SourceQuality "1"]
[WhiteTeam "Sweden"]
[BlackTeam "IPCA"]
[WhiteTeamCountry "SWE"]

1. c4 e6 2. g3 Nf6 3. Bg2 d5 4. Nf3 Be7 5. d4 0-0 6. Qc2 dxc4 7. Qxc4 a6 8. Bf4 Nd5 9. 0-0 Nd7 10. Qc1 b5 11. Nc3 N7f6 12. Nxd5 Nxd5 13. Ne5 Bb7 14. Bd2 Ra7 15. Nc6 Bxc6 16. Qxc6 Nb6 17. e3 e5 18. Rfd1 exd4 19. Bc3 dxc3 20. Rxd8 Rxd8 21. bxc3 Bf8 22. Bf3 Rd6 23. Qe8 c5 24. Rd1 Re7 25. Qb8 Rxd1+ 26. Bxd1 Nd5 27. Bc2 Nxc3 28. Bxh7+ Kxh7 29. Qxf8 Re5 30. Qxf7 c4 31. h4 Ne4 32. h5 c3 33. Qg6+ Kh8 34. h6 gxh6 35. Qxa6 Kg7 36. Qc6 b4 37. Qc4 Kf8 38. Qc8+ Ke7 39. Qb7+ Kd6 40. Qb8+ Kd5 41. Qxb4 1-0

[Event "Olympiad-42"]
[Site "Baku"]
[Date "2016.09.04"]
[Round "3.1"]
[White "Yarmonov, Igor"]
[Black "Li, Hui"]
[Result "1-0"]
[WhiteElo "2398"]
[BlackElo "1964"]
[PlyCount "65"]
[EventDate "2016.09.02"]
[EventType "team-swiss"]
[EventRounds "11"]
[EventCountry "AZE"]
[SourceTitle "CBM 175"]
[Source "ChessBase"]
[SourceDate "2016.11.10"]
[SourceVersion "1"]
[SourceVersionDate "2016.11.10"]
[SourceQuality "1"]
[WhiteTeam "IPCA"]
[BlackTeam "Macau"]
[BlackTeamCountry "MAC"]

1. d4 Nf6 2. Nf3 g6 3. c4 Bg7 4. Nc3 0-0 5. e4 d6 6. Bg5 c5 7. d5 a6 8. Qd2 Qa5 9. Bd3 b5 10. 0-0 bxc4 11. Bxc4 Bg4 12. e5 Bxf3 13. exf6 exf6 14. Bf4 Qb4 15. b3 Bg4 16. Bxd6 Rd8 17. Bc7 Rc8 18. a3 Qb7 19. Ba5 Bf5 20. Qf4 h5 21. h3 Qd7 22. Na4 g5 23. Qf3 Bg6 24. Nb6 Qb7 25. Nxa8 Qxa8 26. Rae1 Nd7 27. d6 Qb8 28. Qd5 Bf8 29. Bc7 Rxc7 30. dxc7 Qxc7 31. Re8 Kg7 32. Rd1 Nb6 33. Qd8 1-0

[Event "W-ch Disabled"]
[Site "Dresden"]
[Date "2015.10.24"]
[Round "7"]
[White "Stachanczyk, Jacek"]
[Black "Yarmonov, Igor"]
[Result "0-1"]
[WhiteElo "2240"]
[BlackElo "2375"]
[PlyCount "66"]
[EventDate "2015.10.18"]
[EventType "swiss"]
[EventRounds "7"]
[EventCountry "GER"]
[SourceTitle "CBM 168 Extra"]
[Source "ChessBase"]
[SourceDate "2015.10.29"]
[SourceVersion "1"]
[SourceVersionDate "2015.10.29"]
[SourceQuality "1"]

1. c4 e5 2. g3 Nf6 3. Bg2 d5 4. cxd5 Nxd5 5. Nc3 Nxc3 6. bxc3 Bd6 7. Nf3 0-0 8. 0-0 Nd7 9. d4 c6 10. Qc2 Qe7 11. a4 Re8 12. e3 exd4 13. cxd4 a5 14. Nd2 Nb6 15. e4 Bb4 16. Nc4 Nxc4 17. Qxc4 Bd7 18. f4 b5 19. Qa2 bxa4 20. f5 Bc3 21. Bb2 Bxb2 22. Qxb2 Rab8 23. Qc2 c5 24. dxc5 Rec8 25. Rac1 Rb4 26. e5 Bb5 27. Rf4 Qxe5 28. c6 a3 29. c7 Qe3+ 30. Kh1 Rb2 31. Qd1 Rd2 32. Re4 Rxd1+ 33. Rxd1 Qb6 0-1